| 000 | 01281cam a2200373 4500 | ||
|---|---|---|---|
| 001 | 21207 | ||
| 003 | VRT | ||
| 005 | 20260224155218.0 | ||
| 008 | 210914s2021 xr g 000 f slo | ||
| 015 | _aSNBZSA2023/11 | ||
| 020 |
_a9788020619419 _q(viazané) |
||
| 039 | 9 |
_a202311130948 _bmsnk176 _c202310201130 _dmsnk11 |
|
| 040 |
_aSNK _bslo _cSNK _erda |
||
| 041 | 0 | _aslo | |
| 044 |
_axr _cCZ |
||
| 072 | 7 |
_a821.162.4-3 _xSlovenská próza _2konspekt |
|
| 080 |
_a821.162.4-31 _22011 |
||
| 080 |
_a821-311.6 _22011 |
||
| 100 | 1 |
_aZákopčan, Marek, _d1986- _4aut |
|
| 245 | 1 | 0 |
_aBuď mojím hriechom _cMarek Zákopčan |
| 264 | 1 |
_aPraha _bNaše vojsko _c2021 |
|
| 300 |
_a282 strán _c21 cm |
||
| 336 |
_atext _btxt _2rdacontent |
||
| 337 |
_abez média _bn _2rdamedia |
||
| 338 |
_azväzok _bnc _2rdacarrier |
||
| 500 | _aObsahuje stručné biografické údaje o autorovi na záložke prebalu publikácie | ||
| 655 | 7 |
_aslovenské romány _2SNKPH |
|
| 655 | 7 |
_ahistorické romány _2SNKPH |
|
| 655 | 7 |
_aSlovak fiction _2SNKPHeng |
|
| 655 | 7 |
_aHistorical novels _2SNKPHeng |
|
| 942 |
_2ddc _cKLDO _n0 |
||
| 949 |
_617A1536097 _asnkSC 204063 _bsnk2023/15232 _oVydavatelství a nakladatelství Aleš Čeněk23-ah/15Int. č. fa – 14/2022 |
||
| 999 |
_c21207 _d21207 |
||